000 00376nam a2200145Ia 4500
008 230711s9999||||xx |||||||||||||| ||und||
041 _aENG
082 _a621
_bRA-P
100 _aRao,TMS
245 0 _aPower system protection static relays
250 _a2nd
260 _c1989
_aNew Delhi
_bTata McGraw Hill Education Limited
650 _aElectrical Engineering
942 _cBK
999 _c1262
_d1262